| 000 | 00832cam a22002775a 4500 | ||
|---|---|---|---|
| 001 | 12580824 | ||
| 005 | 20150706102655.0 | ||
| 008 | 011105s2002 enka frb f001 0 eng d | ||
| 020 | _a0521811961 | ||
| 020 | _a0521010845 (pbk.) | ||
| 020 | _a9780521010849 | ||
| 040 |
_aDLC _beng _cDLC _dEG-ScBUE |
||
| 082 | 0 | 4 |
_a003.857 _bOTT _222 |
| 100 | 1 |
_aOtt, Edward. _938210 |
|
| 245 | 1 | 0 |
_aChaos in dynamical systems / _cEdward Ott. |
| 250 | _a2nd ed. | ||
| 260 |
_aCambridge ; _aNew York : _bCambridge University Press, _c2002. |
||
| 300 |
_axi, 478 p. : _bill. ; _c25 cm. |
||
| 500 | _aIndex : p. 475-478. | ||
| 504 | _aBibliography : p. 452-474. | ||
| 650 | 7 |
_aChaotic behavior in systems. _2BUEsh _96065 |
|
| 651 | _2BUEsh | ||
| 653 |
_bENGGEN _cJune2015 _cJuly2015 |
||
| 655 |
_vreading book _934232 |
||
| 942 |
_2ddc _k003.857 OTT |
||
| 999 |
_c19591 _d19563 |
||